000 00958pam a2200301 a 4500
001 1878144
003 ARRUPE
005 20140225165245.0
008 830617s1983 pau b 001 0 eng
010 _a 83012439
020 _a0812279069 (pbk.)
040 _aDLC
_cDLC
_dDLC
050 0 0 _aBD241
_b.B415 1983
082 0 0 _a121/.68
_219
100 1 _aBernstein, Richard J.
_98925
245 1 0 _aBeyond objectivism and relativism :
_bscience, hermeneutics, and praxis /
_cRichard J. Bernstein.
260 _aPhiladelphia :
_bUniversity of Pennsylvania Press,
_c1983.
300 _axix, 284 p. ;
_c23 cm.
500 _aIncludes indexes.
504 _aBibliography: p. [267]-276.
650 0 _aHermeneutics.
_98926
650 0 _aScience
_xPhilosophy.
_98927
650 0 _aObjectivity.
_98928
650 0 _aRelativity.
_98929
650 0 _aPractice (Philosophy)
_98930
906 _a7
_bcbc
_corignew
_d1
_eocip
_f19
_gy-gencatlg
942 _2lcc
_cMONOGRAPH
999 _c120161
_d120161